Festa no céu (Record no. 45356)

MARC details
000 -LÍDER
campo de controle de tamanho fixo 00572 a2200205 4500
001 - NÚMERO DE CONTROLE
campo de controle 45356
020 ## - ISBN - INTERNATIONAL STANDARD BOOK NUMBER
ISBN - International Standard Book Number 9788536803548
041 ## - CÓDIGO DE IDIOMA
Código do idioma do texto/trilha sonora ou título diferente por
090 ## - NÚMERO DE CHAMADA LOCAL
Número de chamada (OCLC) (R); Número de chamada, CALL (RLIN) (NR) Year 2 808
040 ## - FONTE DA CATALOGAÇÃO
Instituição da catalogação original BR-BrIDEA
Instituição que transcreveu o registro BR-BrIDEA
100 ## - ENTRADA PRINCIPAL--NOME PESSOAL
Nome pessoal Hiratsuka, Lúcia
Datas associadas ao nome 1960
250 ## - EDIÇÃO
Edição . ed.
245 10 - TÍTULO
Título Festa no céu
Restante do título conto popular do Brasil
Indicação de responsabilidade, etc. Lúcia Hiratsuka
260 ## - PUBLICAÇÃO, DISTRIBUIÇÃO, ETC.
Local de publicação, distribuição, etc. [S.l.]
Nome do editor, distribuidor, etc. Difusão Cultural do Livro
Data da publicação, distribuição, etc. 2007
300 ## - DESCRIÇÃO FÍSICA
Extensão 19 p.
697 ## - ENTRADA DE ASSUNTO LOCAL--ENTIDADE COLETIVA (RLIN)
Nome corporativo ou nome da jurisdição Literatura infantojuvenil brasileira.
697 ## - ENTRADA DE ASSUNTO LOCAL--ENTIDADE COLETIVA (RLIN)
Nome corporativo ou nome da jurisdição Lendas - Japão - Literatura infantojuvenil.
856 ## - LOCALIZAÇÃO ELETRÔNICA E ACESSO
Uniform Resource Identifier <a href="000018/00001815.jpg">000018/00001815.jpg</a>
942 ## - ELEMENTOS DE ENTRADA ADICIONADOS (KOHA)
Tipo de material Koha Livros
Holdings
Situação do descarte Situação das perdas Situação física Não pode ser emprestado Biblioteca de origem Biblioteca atual Data de aquisição Total de empréstimos Número de chamada completo Código de barras Data de último acesso Data do preço efetivo Tipo de material Koha Fonte da classificação ou esquema de arquivamento na estante Data do último empréstimo
        Canadian School of Niterói - Piratininga Canadian School of Niterói - Piratininga 09/02/2024   HIR-F2 A06269 09/02/2024 09/02/2024 Livros    
        Colégio Anchieta - Aquarius Colégio Anchieta - Aquarius 21/11/2023   028.5 HIR FES 2296/AQU 21/11/2023 21/11/2023 Livros    
        ECB - SUDOESTE ECB - SUDOESTE 17/09/2013 2 Year 2 808 00005646SSW 24/05/2024 23/01/2024 Livros Classificação Decimal de Dewey 17/05/2024
        ECB - SUDOESTE ECB - SUDOESTE 29/04/2013 2 Year 2 808 00001713SSW 21/06/2024 23/01/2024 Livros Classificação Decimal de Dewey 14/06/2024
        ECB - SUDOESTE ECB - SUDOESTE 17/09/2013   Year 2 808 00005645SSW 23/01/2024 23/01/2024 Livros Classificação Decimal de Dewey